Antología de líricos colombianos. (Registro nro. 325033)

Detalles MARC
000 -ENCABEZADO
Número de control [NR] 02038nam a22002297a 4500
005 - FECHA Y HORA DE LA ÚLTIMA TRANSACCIÓN
control field 20241120130645.0
008 - DE LONGITUD FIJA DE DATOS DE ELEMENTOS - INFORMACIÓN GENERAL
Elementos de longitud fija [NR] 241120k19361937ck ||||fr|||| 00| 0 spa d
040 ## - FUENTE DE CATALOGACION [NR]
Quien Cataloga Sandra Yazo
Quien Clasifica Sandra Yazo
041 0# - CODIGO DE IDIOMA [R]
Código de idioma para texto/pista de sonido o título separado [R] Español
082 04 - NUMERO DE CLASIFICACION DECIMAL DEWEY [R]
Número de la edición [NR] 20
Número de clasificación [R] 861
092 ## - SIGNATURA TOPOGRAFICA LOCAL
Número de clasificación local E54N013
100 1# - ASIENTO PRINCIPAL--NOMBRE PERSONAL [NR]
Nombre personal [NR] García Prada, Carlos
Fechas asociadas con el nombre [NR] 1898-1979
ID Autoridad 183808
245 10 - MENCION DE TITULO [NR]
Título [NR] Antología de líricos colombianos.
Mención de responsabilidad, etc. [NR] Introducción, selección y notas por Carlos García Prada.
260 ## - PUBLICACION, DISTRIBUCION, ETC. (PIE DE IMPRENTA) [R]
Lugar de publicación, distribución, etc. [R] Bogotá (Colombia)
Nombre del editor, distribuidor, etc. [R] Imprenta Nacional
Fecha de publicación, distribución, etc. [R] 1936-1937
300 ## - DESCRIPCION FISICA [R]
Extensión [R] 2 volúmenes (463 ; 500 páginas)
Dimensiones [R] 19 x 16 cm
500 ## - NOTA GENERAL [R]
Nota general [NR] Detalles físicos: Sin encuadernación original. Actualmente, encuadernación rígida (holandesa), en buen estado de conservación; cartón forrado en papel jaspeado; lomo de tela texturizada, con letras en dorado. Guardas. Hoja de cortesía. Portada impresa en una sola tinta. Texto impreso en una sola columna, con diferentes tipos y tamaños de letra. Notas al final. Índice. Fe de erratas. Lomo y tapas con restos de cintas pegantes antiguas.
505 0# - NOTA DE CONTENIDO CON FORMATO PREESTABLECIDO [R]
Nota de contenido con formato preestablecido [NR] Tomo 1 (Parte 1) : La poesía colombiana ; José J ; Ortiz ; José Eusebio Caro ; Julio Arboleda ; Rafael Núñez ; Gregorio Gutiérrez González ; Rafael Pombo ; Belisario Peña ; Diego Fallon ; Jorge Isaacs ; Miguel A ; Caro ; Ismael E ; Arciniegas ; José J ; Casas ; Carlos A ; Torres ; Diego Uribe ; Julio Flórez ; Antonio Gómez Restrepo ; Luis M ; Mora ;<br/>Tomo 2 (Parte 2): José A ; Silva ; Max Grillo ; Guillermo Valencia ; Víctor Londoño ; Alfredo Gómez Jaime ; Ricardo Nieto ; Luis Carlos López ; Porfirio Barba Jacob ; Aurelio Martínez Mutis ; Eduardo Castillo ; Miguel Rash-Isla ; José Eustasio Rivera ; Ángel Maria Céspedes ; Leon De Greiff ; Rafael Maya ; José Umaña Bernal ; Rafael Vásquez ; Juan Lozano y Lozano ; Germán Pardo García ; Notas ; Listado de colombianismos, con su significado ; Bibliografía<br/>
506 ## - NOTA DE RESTRICCIONES DE ACCESO [R]
Condiciones de acceso [NR] Consulta en sala
650 #7 - ASIENTO SECUNDARIO DE MATERIA - TERMINO TEMATICO [R]
9 (RLIN) 21792
Término temático o nombre geográfico como elemento de entrada [NR] Poesía colombiana
690 ## - ASUNTO AGREGADO LOCAL DE ENTRADA - TÉRMINO TEMÁTICO (OCLC, RLIN)
Acceso temático local Literatura colombiana
9 (RLIN) 18629
942 ## - ELEMENTOS DE ENTRADA AGREGADOS (KOHA)
Sistema de clasificación LOCAL
Tipo de ítem principal el descrito en 300a Libro
Edición 1
Clasificación E54N013
Existencias
Suprimido Perdido Sistema de clasificación Dañado No prestable Tipo de ítem específico Ubicación habitual Ubicación actual Localización Fecha de creación Forma de adquisición Costo Volúmen / Fascículo Signatura topográfica Código de barras Última vez visto Ejemplar Price effective from Tipo de ítem Total préstamos
    LOCAL     Libro archivo Archivo Histórico Archivo Histórico Archivo histórico 20/11/2024 Donación 0.00 V.1 E54N013 L007154 20/11/2024 Ej.1 20/11/2024 Libro  
    LOCAL     Libro archivo Archivo Histórico Archivo Histórico Archivo histórico 20/11/2024 Donación 0.00 V.2 E54N013 L007155 20/11/2024 Ej.1 20/11/2024 Libro